| 000 | 01155cam a2200217 4500 | ||
|---|---|---|---|
| 001 | ##L135620 | ||
| 008 | 061116n2006 000 0 eng u | ||
| 035 | _a(Sirsi) u135620 | ||
| 041 | 0 | _aeng | |
| 050 | 0 | 4 | _a711.7 $2 18 |
| 110 | 2 |
_aOlympic Delivery Authority _95117 |
|
| 245 | 0 | 0 |
_aConsultation draft of the transport plan for the London 2012 Olympic Games and Paralympic Games _bsummary _h[electronic resource] |
| 260 |
_aLondon _bLondon 2012 _c2006 |
||
| 520 | _aConsults on the transport strategy for the London Olympics 2012. Covers Olympic family transport, spectator and workforce transport, competition venues, road events, regional football stadia, non-competition venues, the Paralympic Games, ceremonies and cultural events, freight and servicing, transport co-ordination, transport legacy and the transport programme for delivery. | ||
| 590 | _aKA | ||
| 650 | 2 | 4 | _aOLYMPIC GAMES 2012 |
| 651 | 4 | _aLONDON | |
| 690 | _aPROPERTY-INFRASTRUCTURE | ||
| 856 | 4 | 0 |
_uhttps://www.london2012.com/documents/oda-transport/transportplansummarypart1accessibleversion.pdf _zView the consultation draft free of charge at www.london2012.com |
| 942 | _n0 | ||
| 999 |
_c106116 _d106116 |
||